00692nam a2200217Ia 450000500170000000800410001702000180005804000180007604100080009408200210010210000170012324501000014025000120024026000390025230000310029165000160032265000310033865000330036965000520040270000200045420221209103520.0210716s2010 xx 000 0 und d a9780375429767 cAIMIT LIBRARY aeng a153.94 21bMARG aMartz, Geoff aCracking the gmat :bProven techniques from test-prep expertscBy Geoff Martz and Adam Robinson a1st ed. aNew York :bRandom House , c2010. av, 594p. ;bPB :c27.5 cm. aOrientation aHow to crack the Math GMAT aHow to Crack the Verbal GMAT aHow to Crack the Analytical Writing Assessment  aRobinson, Adam.